| 000 | 00946nam a22002897a 4500 | ||
|---|---|---|---|
| 003 | CHAP | ||
| 005 | 20220329135457.0 | ||
| 008 | 971013s1982 r 00010 d | ||
| 010 | _a37217 | ||
| 011 | _a38189 | ||
| 035 | _a42309 | ||
| 040 | _cCHAP | ||
| 090 | _aFolleto 7758 (1981-82) | ||
| 110 | 1 |
_aMéxico. Dirección General de Economía Agrícola _976976 |
|
| 245 | 1 |
_aPrograma siembra-exportación de fresa _b: temporada, 1981-82 |
|
| 260 |
_aMéxico, D.F. : _bLa Dirección, _c1982 |
||
| 300 |
_a35 p. _b: gráfs |
||
| 590 |
_aBATCH-UPD _b10 _c20130110 _lUCH01 _h1812 |
||
| 590 |
_aBATCH-UPD _b10 _c20130410 _lUCH01 _h1147 |
||
| 590 |
_aBATCH-UPD _b10 _c20130914 _lUCH01 _h1336 |
||
| 590 |
_aCONVERSION _b10 _c20130109 _lUCH01 _h1321 |
||
| 650 | 1 | 4 |
_aExportación e importación _zMéxico. _939119 |
| 650 | 1 | 4 |
_aFresa _xMercadeo. _943221 |
| 901 | _aBK | ||
| 942 | _cFOLL | ||
| 949 |
_aFolleto 7758 (1981-82) _bBC _cFOLL _d-97446 _eTS1 _i42309 _mD _si |
||
| 999 |
_c37217 _d37217 |
||